| 000 | 03461nam a22004817a 4500 | ||
|---|---|---|---|
| 001 | 0037673 | ||
| 003 | KOHA_MİRAKIL | ||
| 005 | 20260207003036.0 | ||
| 007 | ta | ||
| 008 | 120621b2004 tu |||gr||||#||||0|tur | | ||
| 040 |
_aTR-BiSEU _btur _cTR-BiSEU _erda |
||
| 041 | 0 | _atur | |
| 044 | _ctu | ||
| 050 |
_aHC241.2 _b.A97 2004 |
||
| 245 | 0 |
_a15 soruda 15 Avrupa Birliği politikası/ _cİktisadi Kalkınma Vakfı. |
|
| 264 | 1 |
_aİstanbul : _bİktisadi Kalkınma Vakfı _c2004 |
|
| 300 |
_a15 kitapçık. ; _c26 cm. |
||
| 336 |
_ametin _btxt _2rdacontent |
||
| 337 |
_aaracısız _bn _2rdamedia |
||
| 338 |
_acilt _bnc _2rdacarrier |
||
| 490 | 0 | _aİktisadi Kalkınma Vakfı yayınları 15 soruda 15 AB politikası serisi | |
| 505 |
_a1. Avrupa Birliği'nin rekabet politikası. _x2. Avrupa Birliği'nin ortak tarım politikası. _x3. Avrupa Birliği'nin vergi politikası _x4. Avrupa Birliği'nin bölgesel politikası _x5. Avrupa Birliği'nin KOBİ politikası. _x6. Avrupa Birliği'nin çevre politikası. _x7. Avrupa Birliği'nin tüketici politikası. _x8. Avrupa Birliği'nin ortak ticaret politikası _x9. Avrupa Birliği'nin ortak balıkçılık politikası. _x10.Avrupa Birliği'nin sanayi politikası _x11.Avrupa Birliği'nin telekomünikasyon ve görsel-işitsel politikası _x12. Avrupa Birliği'nin sosyal politikası. _x13. Avrupa Birliği'nin enerji politikas _x14. Avrupa Birliği'nin ulaştırma politikası. _x15. Avrupa Birliği'nin bilim ve araştırma politikası. |
||
| 650 | 0 |
_aAvrupa Ekonomik Topluluğu. _918391 |
|
| 650 | 0 |
_aAvrupa Birliği. Rekabet--Avrupa Birliği ülkeleri. _970514 |
|
| 650 | 0 |
_aTarım ve devlet--Avrupa Birliği ülkeleri. _920087 |
|
| 650 | 0 |
_aVergilendirme--Avrupa Birliği ülkeleri. _916226 |
|
| 650 | 0 |
_aBölge planlaması--Avrupa Birliği ülkeleri. _970515 |
|
| 650 | 0 |
_aKüçük işletmeler--Avrupa Birliği ülkeleri. _920039 |
|
| 650 | 0 |
_aÇevre politikası--Avrupa Birliği ülkeleri. _920079 |
|
| 650 | 0 |
_aTüketicinin korunması--Avrupa Birliği ülkeleri. _970516 |
|
| 650 | 0 |
_aTicaret politikası. _97611 |
|
| 650 | 0 |
_aBalıkçılık politikası--Avrupa Birliği ülkeleri. _970517 |
|
| 650 | 0 |
_aİşçi politikası--Avrupa Birliği ülkeleri. _970518 |
|
| 650 | 0 |
_aTelekomünikasyon politikası--Avrupa Birliği ülkeleri. _970519 |
|
| 650 | 0 |
_aYayın politikası--Avrupa Birliği ülkeleri. _970520 |
|
| 650 | 0 |
_aSosyal politika. _913138 |
|
| 650 | 0 |
_aEnerji politikası--Avrupa Birliği ülkeleri. _970521 |
|
| 650 | 0 |
_aKentsel ulaşım politikası--Avrupa Birliği ülkeleri. _970522 |
|
| 650 | 0 |
_aBilim ve devlet--Avrupa Birliği ülkeleri. _970523 |
|
| 650 | 0 |
_aEuropean Economic Community.European Union.Competition--European Union countries.Agriculture and state--European Union countries.Taxation--European Union countries.Regional planning--European Union countries.Small business--European Union countries.Environmental policy--European Union countries.Consumer protection--European Union countries.Commercial policy.Fishery policy--European Union countries.Labor policy--European Union countries.Telecommunication policy--European Union countries.Broadcasting policy--European Union countries.Social policy.Energy policy--European Union countries.Urban transportation policy--European Union countries.Science and state--European Union countries. _970524 |
|
| 830 | 0 |
_aİktisadi Kalkınma Vakfı yayınları 15 soruda 15 AB politikası serisi _970525 |
|
| 942 |
_2lcc _cBK |
||
| 999 |
_c37531 _d37531 |
||